| 000 | 00909nam a2200241 a 4500 | ||
|---|---|---|---|
| 001 | 62774 | ||
| 003 | BD-RjUL | ||
| 005 | 20211209081124.0 | ||
| 008 | 170125s1995 bg ||||| b||| 00| 0 ben d | ||
| 020 | _c: Tk. 60.00 | ||
| 035 | _a(BD-RjUL)62902 | ||
| 040 |
_aBD-RjUL _bben _cBD-RjUL |
||
| 041 | _aben | ||
| 082 |
_223 _a891.44109 _bSIS 1995 |
||
| 100 | 1 |
_aসিকদার, সামাদ _9186581 |
|
| 245 | 1 | 0 |
_aসুকান্ত : _bকবি ও মানুষ _cসামাদ সিকদার |
| 260 |
_aঢাকা : _bবস্তু প্রকাশনী, _c১৯৯৫ |
||
| 300 |
_a১১১ পৃ. ; _c২১ সেমি. |
||
| 504 | _aগ্রন্থপঞ্জি সংযুক্ত | ||
| 650 |
_aবাংলা কবিতা _xইতিহাস ও সমালোচনা _9185023 |
||
| 650 |
_aBengali Poetry _xHistory and Criticism _9186582 |
||
| 942 |
_2ddc _cBK |
||
| 999 |
_c62774 _d62774 |
||